English Vocabulary FRA-ENG - Statistiques

Statistiques générales
  • Ce quiz a été pris 472 fois
  • Le résultat moyen est 17 sur 79
Statistiques - réponses
Réponse Hint % Correct
Activité
Activity
97%
Développer Develop
73%
Créer Create
71%
Équipe Team
71%
Employer Employ
63%
Emploi Job
61%
Service Service
60%
Service Service
60%
Collecter Collect
59%
Sécurité Security
58%
Offrir Offer
55%
Données Data
54%
Entreprise Company
53%
Télécharger Download
52%
Rôle Role
50%
Copier Copy
48%
Base de données Database
39%
Technologie Technology
38%
Inventer Invent
35%
Logo Logo
34%
Besoin Need
32%
Produit Product
31%
Marketing Marketing
29%
Annuel
Annual
24%
Son Sound
24%
Outil Tool
24%
Mettre à jour Update
22%
Basé à/en Based in
16%
Téléverser Upload
16%
Promouvoir Promote
16%
Responsabilité Responsibility
16%
Attirer Attract
15%
Slogan Slogan
15%
Comportement Behavior
14%
Saisir Enter
14%
Frais Fee
14%
Campagne Campaign
12%
Persuader Persuade
11%
Fournir Provide
11%
Publicité Advertising
10%
Droit d’auteur Copyright
10%
Consommation Consumption
9%
Informatique IT
9%
Leader du marché Market leader
9%
Objectif Purpose
9%
Identité de marque Brand identity
8%
Image de marque Brand image
7%
Canal Channel
6%
Concurrent Competitor
6%
Concevoir Design
5%
Savoir-faire Know-how
5%
Fabriquer Manufacture
5%
Part de marché Market share
5%
Détaillant Retailer
5%
Stocker Store
5%
Surveillance Surveillance
5%
Ambassadeur de marque Brand ambassador
4%
Naviguer Browse
4%
Propriété intellectuelle Intellectual property
4%
Brevet Patent
4%
Public cible Target audience
4%
Fidélité à la marque Brand loyalty
3%
Enfreindre une règle Break a rule
3%
Transmettre un message Convey a message
3%
Caractéristique Feature
3%
Mener une recherche Conduct research
2%
Attirer l’attention sur Draw attention to
2%
Dessin industriel Industrial design
2%
Espionnage industriel Industrial espionage
2%
Marque haut de gamme Premium brand
2%
Satisfaire (les clients) Satisfy (customers)
2%
Marque déposée Trademark
2%
Assouplir une règle Bend a rule
1%
Notoriété de la marque Brand awareness
1%
Stratégie de marque Branding strategy
1%
Connaissance client Customer awareness
1%
Indication géographique Geographical indication
1%
Gamme de produits Product line
1%
Rester dans la mémoire de quelqu’un Stick to somebody's memory
1%
Aucun quiz correspondant
Distribution des résultats
% des personnes avec chaque résultat
Percentile par nombre de réponses
Votre historique - résultats
Vous n’avez pas pris ce quiz